Powiaty graniczące z województwem świętokrzyskim. - Statystyki

Ogólne statystyki
  • Ten quiz został rozwiązany 17 razy
  • Średni wynik to 13 z 18
Statystyki odpowiedzi
województwo Odpowiedź % Poprawnych
podkarpackie tarnobrzeski
100%
mazowieckie radomski
94%
małopolskie proszowicki
88%
podkarpackie Tarnobrzeg
88%
śląskie częstochowski
81%
podkarpackie mielecki
81%
podkarpackie stalowowolski
81%
małopolskie dąbrowski
75%
lubelskie kraśnicki
75%
małopolskie miechowski
75%
śląskie zawierciański
75%
łódzkie opoczyński
69%
łódzkie radomszczański
69%
małopolskie tarnowski
69%
lubelskie opolski
63%
mazowieckie szydłowiecki
56%
mazowieckie lipski
50%
mazowieckie przysuski
44%
Nie znaleziono quizów pasujących do podanych kryteriów
Rozkład punktacji
Procent ludzi z każdym wynikiem
Percentyl według liczby udzielonych odpowiedzi
Twoja historia wyników
Nie rozwiązałeś tego quizu